000 00248nam a22001097a 4500
008 131217t xxu||||| |||| 00| 0 eng d
020 _a0-00-765950-4
100 _aAgatha Christie
_9442
245 _aFive Little Pigs
300 _a340
942 _2ddc
_cBK
999 _c16713
_d16713